Khmer Wordlist New Headway Elementary Fourth Edition First Edition, (Record no. 25450)

000 -LEADER
fixed length control field 00318nam a22001217a 4500
040 ## - CATALOGING SOURCE
Transcribing agency RUA
082 ## - DEWEY DECIMAL CLASSIFICATION NUMBER
Classification number RUA CHA 2014 C108 Or.
100 ## - MAIN ENTRY--AUTHOR NAME
Personal name HUOT CHANTHY,
245 ## - TITLE STATEMENT
Title Khmer Wordlist New Headway Elementary Fourth Edition First Edition,
260 ## - PUBLICATION, DISTRIBUTION, ETC. (IMPRINT)
Place of publication PHNOM PENH
Name of publisher RUA
Year of publication 2014
300 ## - PHYSICAL DESCRIPTION
Number of Pages 54p.
Other physical details ill.
Dimensions 22cm,
942 ## - ADDED ENTRY ELEMENTS (KOHA)
Koha item type សៀវភៅភាសាអង់គ្លេស
952 ## - LOCATION AND ITEM INFORMATION (KOHA)
Withdrawn status [LOCAL, KOHA] 0
952 ## - LOCATION AND ITEM INFORMATION (KOHA)
Withdrawn status [LOCAL, KOHA] 0
Holdings
Permanent Location Date acquired Koha item type Lost status Shelving location Barcode Current Location Full call number
Library Block C2026-02-03សៀវភៅភាសាអង់គ្លេស C108C034264Library Block CRUA CHA 2014 C108 Or.
Library Block C2026-02-03សៀវភៅភាសាអង់គ្លេស C108C034265Library Block CRUA CHA 2014 C108 Or.
មជ្ឈមណ្ឌលឯការនៃសាកលវិទ្យាល័យភូមិន្ទកសិកម្មចំការដូង

Powered by Koha